000 00558cam a22002053a 4500
001 40343
003 PGUSA
005 20140828083912.0
008 120726s2012||||xxu|||||s|||||000 | eng d
040 _aPGUSA
_beng
042 _adc
100 1 _aBennett, Arnold,
_d1867-1931
245 1 0 _aLilian
_h[electronic resource] /
_cArnold Bennett
260 _bProject Gutenberg,
_c2012
506 _aPublic domain in the USA.
516 _aElectronic text
830 0 _aProject Gutenberg
_v40343
856 4 0 _uhttp://www.gutenberg.org/ebooks/40343
942 _cEB
999 _c269596
_d269596